000 01585 am a2200337 a 4500
001 60475
003 BD-RjUL
005 20211209080840.0
008 1609-0s1993 bg b s o000 0 eng d
020 _a984508060X
_c: Tk. 400.00 (Inland)
020 _a984508060X
_c: Complimentary
035 _a(BD-RjUL)60599
035 _a(OCoLC)ocm27450619
035 _a(NNC)1450898
040 _aDLC
_cDLC
_dDLC
_dBD-RjUL
_beng
041 0 _aengben
082 _223
_a304.6095492021
_bJHA 1993 (CS)
110 _aBangladesh Bureau Of Statistics.
_9179266
245 1 0 _aBangladesh population census, 1991 = বাংলাদেশ আদমশুমারী, ১৯৯১ :
_bCommunity series, Zila: Jhalokati = কমিউনিটি সিরিজ, জেলা: ঝালকাঠী /
_cBangladesh Bureau Of Statistics.
246 _aবাংলাদেশ আদমশুমারী, ১৯৯১ :
_bকমিউনিটি সিরিজ, জেলা: ঝালকাঠী
260 _aDhaka :
_bBBS,
_c1993
300 _axiv, 110 p. :
_bIll. ;
_c28 cm.
490 _aCommunity series, Zila: Jhalokati
490 _aকমিউনিটি সিরিজ, জেলা: ঝালকাঠী
500 _aPrefatory matter in Bengali and English.
651 _aBangladesh
_zJhalokati
_xCensus, 1991.
_9179978
651 _aBangladesh
_zJhalokati
_xPopulation
_vStatistics.
_9179979
_y1991
830 _aCommunity series, Zila: Jhalokati
_9179980
830 _aকমিউনিটি সিরিজ, জেলা: ঝালকাঠী
_9179981
942 _2ddc
_cRAR
999 _c60475
_d60475